Detalles MARC
| 000 -CABECERA |
| campo de control de longitud fija |
02581nam a22003257a 4500 |
| 001 - NÚMERO DE CONTROL |
| campo de control |
00510 |
| 003 - IDENTIFICADOR DEL NÚMERO DE CONTROL |
| campo de control |
DO-SdBPM |
| 005 - FECHA Y HORA DE LA ÚLTIMA TRANSACCIÓN |
| campo de control |
20260521093114.0 |
| 007 - CAMPO FIJO DE DESCRIPCIÓN FÍSICA--INFORMACIÓN GENERAL |
| campo de control de longitud fija |
ta |
| 008 - DATOS DE LONGITUD FIJA--INFORMACIÓN GENERAL |
| campo de control de longitud fija |
160609b2000 mx ||| |||| 00| 0 spa d |
| 020 ## - NÚMERO INTERNACIONAL ESTÁNDAR DEL LIBRO |
| Número Internacional Estándar del Libro |
9789701026816 |
| 040 ## - FUENTE DE LA CATALOGACIÓN |
| Centro catalogador/agencia de origen |
DO-SdBPM |
| Lengua de catalogación |
spa |
| Centro/agencia transcriptor |
BPMSU |
| Normas de descripción |
rda |
| 082 #4 - NÚMERO DE LA CLASIFICACIÓN DECIMAL DEWEY |
| Número de clasificación |
612.821 |
| Número de documento/Ítem |
V152t 2000 |
| Número de edición |
22 |
| 100 1# - ENTRADA PRINCIPAL--NOMBRE DE PERSONA |
| Nombre de persona |
Valencia Flores, Matilde |
| Término indicativo de función/relación |
autora |
| Código de función/relación |
aut. |
| 245 10 - MENCIÓN DE TÍTULO |
| Título |
Trastornos del dormir / |
| Mención de responsabilidad, etc. |
Matilde valencia flores, Radfael J. Salín Pascual, José rogelio Pérez Padilla |
| 264 ## - PRODUCCIÓN, PUBLICACIÓN, DISTRIBUCIÓN, FABRICACIÓN Y COPYRIGHT |
| Producción, publicación, distribución, fabricación y copyright |
México : |
| Nombre del de productor, editor, distribuidor, fabricante |
McGraw-Hill, |
| Fecha de producción, publicación, distribución, fabricación o copyright |
2000. |
| 300 ## - DESCRIPCIÓN FÍSICA |
| Extensión |
xiii, 389 páginas ; |
| Dimensiones |
26 cm. |
| Otras características físicas |
|
| 336 ## - TIPO DE CONTENIDO |
| Término de tipo de contenido |
texto |
| Código de tipo de contenido |
txt |
| Fuente |
rdacontent |
| 337 ## - TIPO DE MEDIO |
| Nombre/término del tipo de medio |
sin mediación |
| Código del tipo de medio |
n |
| Fuente |
rdamedia |
| 338 ## - TIPO DE SOPORTE |
| Nombre/término del tipo de soporte |
volumen |
| Código del tipo de soporte |
nc |
| Fuente |
rdeacarrier |
| 505 0# - NOTA DE CONTENIDO CON FORMATO |
| Nota de contenido con formato |
Introducción al estudio del sueño -- Neuroanatomía y neurofisiología del sueño -- Neuroquímica del sueño -- Regulación neurohumoral del sueño -- Clasificación de los trastornos del dormir -- Técnicas de diagnóstico: polisomnografía, prueba de latencias múltiples, actigrafía e instrumento de informe subjetivo -- El sueño en pediatría. Síndrome de muerte infantil súbita -- Insomnio -- Funcionamiento cortical cuando la cantidad de sueño no ha sido suficiente -- Trastornos del dormir en trastornos neurológicos -- Sueño y epilepsia -- trastornos de los movimientos específicos del sueño y manifestaciones nocturnas de las enfermedades que presentan alteraciones de los movimientos durante la vigilia -- Parasomnias -- Alteraciones del sueño debido a problemas psiquiátricos -- Tratamiento de las alteraciones del sueño -- Datos epidemiológicos de los trastornos del sueño con énfasis en el apnea y el insomnio -- Síndrome de apnea obstructiva durante el sueño: fisiopatología y datos epidemiológicos -- Alteraciones cardiovasculares relacionadas con alteraciones en la respiración durante el sueño -- Trastornos del dormir en el paciente con obesidad extrema -- respiración durante el sueño en enfermedades pulmonares crónicas -- Ronquidos -- Tratamiento médico del síndrome de apnea obstructiva durante el sueño -- Síndrome de apnea obstructiva durante el sueño, evaluación otorrinolaringologíca -- Dispositivos bucales y tratamiento maxilofacial en el síndrome de apnea obstrutiva durante el sueño. |
| 590 ## - NOTA LOCAL (RLIN) |
| Nota local |
Inventariado, 2026/VM |
| 650 #7 - PUNTO DE ACCESO ADICIONAL DE MATERIA--TÉRMINO DE MATERIA |
| Término de materia o nombre geográfico como elemento de entrada |
Insomnio |
| 650 #7 - PUNTO DE ACCESO ADICIONAL DE MATERIA--TÉRMINO DE MATERIA |
| Término de materia o nombre geográfico como elemento de entrada |
Mente y cuerpo. |
| 650 #7 - PUNTO DE ACCESO ADICIONAL DE MATERIA--TÉRMINO DE MATERIA |
| Término de materia o nombre geográfico como elemento de entrada |
Trastornos del sueño |
| 700 1# - PUNTO DE ACCESO ADICIONAL--NOMBRE DE PERSONA |
| Nombre de persona |
Salín Pascual, Rafael J. |
| Código de función/relación |
autor |
| 700 1# - PUNTO DE ACCESO ADICIONAL--NOMBRE DE PERSONA |
| Nombre de persona |
Pérez Padilla, José Rogelio |
| Término indicativo de función/relación |
autor |
| 910 ## - DATOS DE OPCIÓN DEL USUARIO (OCLC) |
| Datos de opción del usuario |
VMateo V. Control de calidad. BPMSU |
| 942 ## - ELEMENTOS DE PUNTO DE ACCESO ADICIONAL (KOHA) |
| Fuente del sistema de clasificación o colocación |
Dewey Decimal Classification |
| Tipo de ítem Koha |
Libros |